Principales of insurance law / (Record no. 147094)

MARC details
000 -LEADER
fixed length control field 00815nam a22002297a 4500
005 - DATE AND TIME OF LATEST TRANSACTION
control field 20171122124443.0
010 ## - LCCN (DPL NO)
LC control number ENG-121139-140
020 ## - INTERNATIONAL STANDARD BOOK NUMBER
Terms of availability 2995.00 (Set of 2 vols)
International Standard Book Number 9788131252581 (vol-1)
020 ## - INTERNATIONAL STANDARD BOOK NUMBER
Terms of availability 2995.00 (Set of 2 vols)
International Standard Book Number 9788131252581 (vol-2)
035 ## - SYSTEM CONTROL NUMBER
System control number EN-104571-572
037 ## - SOURCE OF ACQUISITION
Source of stock number/acquisition DBAD/PUB
082 ## - DEWEY DECIMAL CLASSIFICATION NUMBER
Classification number 346.54086
100 ## - MAIN ENTRY--PERSONAL NAME
Personal name Srinivasan, M.N.
245 ## - TITLE STATEMENT
Title Principales of insurance law /
Statement of responsibility, etc by M.N. Srinivasan [and] K.Kannan
250 ## - EDITION STATEMENT
Edition statement 10th ed
260 ## - PUBLICATION, DISTRIBUTION, ETC. (IMPRINT)
Place of publication, distribution, etc Gurgoan
Name of publisher, distributor, etc LexisNexis
Date of publication, distribution, etc 2017
270 ## - ADDRESS
City Gurgoan (Haryana)
Postal code 122002
Address 14th Floor, Building No. 10, Tower-B, DLF Cyber City, Phase-II
300 ## - PHYSICAL DESCRIPTION
Extent 2-vols (cIxiv,1-583 [xxviii] ; cxiiii,584-1155,[xxix])p.
Dimensions 25cm(Hb)
500 ## - GENERAL NOTE
General note Includes index
700 ## - ADDED ENTRY--PERSONAL NAME
Personal name Kannan,K.
942 ## - ADDED ENTRY ELEMENTS (KOHA)
Source of classification or shelving scheme Dewey Decimal Classification
Item type English Books
Call number suffix SRI
Classification part 346.54086
Holdings
Withdrawn status Lost status Materials specified (bound volume or other part) Not for loan Collection code Home library Current library Date acquired Source of acquisition Cost, normal purchase price Full call number Barcode Copy number Cost, replacement price Koha item type
    vol-1 Not For Loan Non-fiction D.B.Act.Division Bawana 02/11/2017 DBAD/PUB 2995.00 346.54086 SRI EN-104671 1 2995.00 English Books
    vol-2 Not For Loan Reference Central Library Central Library 02/11/2017 DBAD/PUB 2995.00 346.54086 SRI EN-104672 1 2995.00 English Books

© Delhi Public Library
Hit Counter
free hit counter